00701nam a2200205Ia 4500003000900000008004100009020001800050040001600068080002200084245009900106260004200205300001400247650004100261650001400302650002600316700003300342942000700375999001500382952009800397IN-BaIIA211028s9999 xx 000 0 eng d a90-277-0838-X cIIA Library a082.2:52bIAU-S74 0aRadio astronomy and cosmologycedited by David L. Jauncey  aDordrechtbD. Reidel Publishingc1977 axx, 398p. aAstronomy and Astrophysics Thesaurus aCosmology aRadio Astronomy92849 aJauncey, David L., ed.99847 cBK c5676d5676 00104070aBANbBANcGENd1977-12-27l0o082.2:52/ IAU-S74p6349r2021-11-05w1977-12-27yBK